000 00572nam a2200181Ia 4500
008 090630s9999 xx 000 0 und d
082 _b25731
100 _aमांडके अलका.
245 _aहृदय संवाद.
_cमांडके अलका.
260 _bरुचिका - मुंबई.
_c2006
300 _a212
600 _aमांडके अलका.
630 _aहृदय संवाद.
655 _a---
700 _aमांडके अलका.
730 _aहृदय संवाद.
942 _cBOOK
999 _c277587
_d277587